Story problems made easy : (Record no. 102137)
[ view plain ]
| 000 -LEADER | |
|---|---|
| fixed length control field | 00615nam a2200169 a 4500 |
| 005 - DATE AND TIME OF LATEST TRANSACTION | |
| control field | 20140412111230.0 |
| 008 - FIXED-LENGTH DATA ELEMENTS--GENERAL INFORMATION | |
| fixed length control field | 020416s19uu xx 00 eng d |
| 050 ## - LIBRARY OF CONGRESS CALL NUMBER | |
| Classification number | TR(GS 513 |
| Item number | DON bk. 1 |
| 100 ## - MAIN ENTRY--PERSONAL NAME | |
| Personal name | Donofrio, Linda |
| 245 ## - TITLE STATEMENT | |
| Title | Story problems made easy : |
| Remainder of title | bk-1, k-1 sums to 20 / |
| Statement of responsibility, etc | written by Linda Donofrio; Andrea Sholl. |
| 260 ## - PUBLICATION, DISTRIBUTION, ETC. (IMPRINT) | |
| Place of publication, distribution, etc | Bothell, WA : |
| Name of publisher, distributor, etc | A Golden Educational Center Publication, |
| Date of publication, distribution, etc | 1989. |
| 300 ## - PHYSICAL DESCRIPTION | |
| Extent | 1 v. (unp.) ; ill. |
| 650 ## - SUBJECT ADDED ENTRY--TOPICAL TERM | |
| Topical term or geographic name as entry element | Math |
| General subdivision | Study and Teaching |
| 650 ## - SUBJECT ADDED ENTRY--TOPICAL TERM | |
| Topical term or geographic name as entry element | Addition (sums to 20) |
| General subdivision | Juvenile literature |
| 650 ## - SUBJECT ADDED ENTRY--TOPICAL TERM | |
| Topical term or geographic name as entry element | Subtraction (sums to 20) |
| General subdivision | Juvenile literature |
| Withdrawn status | Lost status | Damaged status | Home library | Current library | Shelving location | Date acquired | Source of acquisition | Total Checkouts | Full call number | Barcode | Date last seen | Price effective from | Koha item type |
|---|---|---|---|---|---|---|---|---|---|---|---|---|---|
| Elizalde Library | Elizalde Library | Teachers Reference Section | 04/16/2002 | TR(GS 513 DON bk. 1 | E0616 | 04/12/2014 | 04/12/2014 | Books |